000 00622nam a22002177a 4500
003 UA-OsUOA
001 59342
007 ta
008 20090319b un ||||| |||| 00| 0 ukr d
100 _aСерретті М.
090 _a101
_bС33
942 _cSA
040 _aUA-OsUOA
_bukr
_cUA-OsUOA
_dUA-OsUOA
245 _aШирота і обмеження трансцендентальної філософії Канта
300 _aС.14-21
955 _a0
041 _aukr
080 _a101
773 0 _w59341
_tФілософська думка
_dК.
_d2008
_g6
650 7 _a1 Філософські науки
_2UDC
999 _c345425
_d345425